Postcolonialism : (Record no. 9171)
[ view plain ]
| 000 -LEADER | |
|---|---|
| fixed length control field | 01207nac a22003735a 4500 |
| 005 - DATE AND TIME OF LATEST TRANSACTION | |
| control field | 20150811124738.0 |
| 008 - FIXED-LENGTH DATA ELEMENTS--GENERAL INFORMATION | |
| fixed length control field | 150805s2000 -uk||||fr|||| 001 0 eng d |
| 010 ## - LIBRARY OF CONGRESS CONTROL NUMBER | |
| LC control number | 99059919 |
| 020 ## - INTERNATIONAL STANDARD BOOK NUMBER | |
| International Standard Book Number | 0415193605 (set) |
| 020 ## - INTERNATIONAL STANDARD BOOK NUMBER | |
| International Standard Book Number | 0415193613 (v. 1) |
| 020 ## - INTERNATIONAL STANDARD BOOK NUMBER | |
| International Standard Book Number | 0415193621 (v. 2) |
| 020 ## - INTERNATIONAL STANDARD BOOK NUMBER | |
| International Standard Book Number | 041519363X (v. 3) |
| 020 ## - INTERNATIONAL STANDARD BOOK NUMBER | |
| International Standard Book Number | 0415193648 (v. 4) |
| 020 ## - INTERNATIONAL STANDARD BOOK NUMBER | |
| International Standard Book Number | 0415232678 (v. 5) |
| 020 ## - INTERNATIONAL STANDARD BOOK NUMBER | |
| International Standard Book Number | 0415193648 |
| 020 ## - INTERNATIONAL STANDARD BOOK NUMBER | |
| International Standard Book Number | 9780415193610 |
| 020 ## - INTERNATIONAL STANDARD BOOK NUMBER | |
| International Standard Book Number | 9780415193627 |
| 020 ## - INTERNATIONAL STANDARD BOOK NUMBER | |
| International Standard Book Number | 9780415193634 |
| 020 ## - INTERNATIONAL STANDARD BOOK NUMBER | |
| International Standard Book Number | 9780415232678 |
| 020 ## - INTERNATIONAL STANDARD BOOK NUMBER | |
| International Standard Book Number | 9780415193641 |
| 040 ## - CATALOGING SOURCE | |
| Original cataloging agency | EG-ScBUE |
| Language of cataloging | eng |
| Transcribing agency | EG-ScBUE |
| 082 04 - DEWEY DECIMAL CLASSIFICATION NUMBER | |
| Classification number | 325.3 |
| Item number | POS |
| Edition number | 22 |
| 245 00 - TITLE STATEMENT | |
| Title | Postcolonialism : |
| Remainder of title | critical concepts in literary and cultural studies / |
| Statement of responsibility, etc | edited by Diana Brydon. |
| 260 ## - PUBLICATION, DISTRIBUTION, ETC. (IMPRINT) | |
| Place of publication, distribution, etc | London ; |
| -- | New York : |
| Name of publisher, distributor, etc | Routledge / Taylor & Francis Group, |
| Date of publication, distribution, etc | c.2000. |
| 300 ## - PHYSICAL DESCRIPTION | |
| Extent | 5 v. ; |
| Dimensions | 25 cm. |
| 504 ## - BIBLIOGRAPHY, ETC. NOTE | |
| Bibliography, etc | Includes bibliographical references and indexes. |
| 590 ## - LOCAL NOTE (RLIN) | |
| Local note | Menna Elemam |
| 650 #0 - SUBJECT ADDED ENTRY--TOPICAL TERM | |
| Topical term or geographic name as entry element | Postcolonialism. |
| Source of heading or term | BUEsh |
| 651 ## - SUBJECT ADDED ENTRY--GEOGRAPHIC NAME | |
| Source of heading or term | BUEsh |
| 653 ## - INDEX TERM--UNCONTROLLED | |
| Resource For college | BAEPS, Political Science |
| Arrived date list | August2015 |
| 655 ## - INDEX TERM--GENRE/FORM | |
| Form subdivision | |
| -- | 34232 |
| 856 42 - ELECTRONIC LOCATION AND ACCESS | |
| Materials specified | Publisher description |
| Uniform Resource Identifier | <a href="http://www.loc.gov/catdir/enhancements/fy0649/99059919-d.html">http://www.loc.gov/catdir/enhancements/fy0649/99059919-d.html</a> |
| 942 ## - ADDED ENTRY ELEMENTS (KOHA) | |
| Item type | Book - Borrowing |
| Call number prefix | 325.3 POS |
| Source of classification or shelving scheme | Dewey Decimal Classification |
| Withdrawn status | Item status | Source of classification or shelving scheme | Damaged status | Not for loan | Vendor | Home library | Current library | Shelving location | Date acquired | Source of acquisition | Total Checkouts | Total Renewals | Full call number | Barcode | Date last seen | Date last borrowed | Koha item type | Public note |
|---|---|---|---|---|---|---|---|---|---|---|---|---|---|---|---|---|---|---|
| Dewey Decimal Classification | Central Library | Central Library | First floor | 08/04/2016 | 4 | 25 | 325.3 POS | 000011274 | 15/07/2025 | 13/05/2014 | Book - Borrowing | Vol. 5. | ||||||
| Dewey Decimal Classification | Central Library | Central Library | First floor | 08/04/2016 | 5 | 39 | 325.3 POS | 000011273 | 15/07/2025 | 21/10/2014 | Book - Borrowing | Vol. 4. | ||||||
| Dewey Decimal Classification | Central Library | Central Library | First floor | 08/04/2016 | 6 | 28 | 325.3 POS | 000011272 | 15/07/2025 | 21/10/2014 | Book - Borrowing | Vol. 2. | ||||||
| Dewey Decimal Classification | Central Library | Central Library | First floor | 08/04/2016 | 3 | 41 | 325.3 POS | 000011271 | 15/07/2025 | 04/05/2014 | Book - Borrowing | Vol. 3. | ||||||
| Dewey Decimal Classification | Central Library | Central Library | First floor | 08/04/2016 | 6 | 43 | 325.3 POS | 000011270 | 15/07/2025 | 21/10/2014 | Book - Borrowing | Vol. 1. |